Кинетика окисления электровзрывного нанопорошка железа при нагревании в воздухе; Химическая физика; Т. 31, № 5

Dettagli Bibliografici
Parent link:Химическая физика.— , 1982-
Т. 31, № 5.— 2012.— [С. 27-35 ]
Autore principale: Коршунов А. В. Андрей Владимирович
Riassunto:Заглавие с экрана
Исследованы закономерности процесса окисления электровзрывного нанопорошка железа при нагревании в воздухе в условиях линейно возрастающей температуры и в изотермическом режиме. Показано стадийное протекание процесса окисления в условиях линейного нагрева, обусловленное совокупным влиянием фракционного состава порошка, его фазового состава и структуры образующегося на поверхности частиц оксидного слоя. Показано, что в изотермических условиях (250–600°С) процесс окисления нанопорошка, в отличие от порошков с частицами микронного размера, описывается линейным законом и протекает в кинетическом режиме (Еа = (100 ± 7) кДж/моль). Установлены условия термогравиметрии, при которых происходит тепловое самовозгорание нанопорошка. На основе численной оценки параметра разогрева поверхности образца обоснована экспериментально фиксируемая величина критической температуры.
Режим доступа: по договору с организацией-держателем ресурса
Lingua:russo
Pubblicazione: 2012
Soggetti:
Accesso online:http://elibrary.ru/item.asp?id=17726792
Natura: MixedMaterials Elettronico Capitolo di libro
KOHA link:https://koha.lib.tpu.ru/cgi-bin/koha/opac-detail.pl?biblionumber=642125

MARC

LEADER 00000nla0a2200000 4500
001 642125
005 20250123160108.0
035 |a (RuTPU)RU\TPU\network\7064 
035 |a RU\TPU\network\5382 
090 |a 642125 
100 |a 20150615d2012 k||y0rusy50 ca 
101 0 |a rus 
102 |a RU 
135 |a drcn ---uucaa 
181 0 |a i  
182 0 |a b 
200 1 |a Кинетика окисления электровзрывного нанопорошка железа при нагревании в воздухе  |f А. В. Коршунов 
203 |a Текст  |c электронный 
300 |a Заглавие с экрана 
320 |a [Библиогр.: с. 35 (22 назв.)] 
330 |a Исследованы закономерности процесса окисления электровзрывного нанопорошка железа при нагревании в воздухе в условиях линейно возрастающей температуры и в изотермическом режиме. Показано стадийное протекание процесса окисления в условиях линейного нагрева, обусловленное совокупным влиянием фракционного состава порошка, его фазового состава и структуры образующегося на поверхности частиц оксидного слоя. Показано, что в изотермических условиях (250–600°С) процесс окисления нанопорошка, в отличие от порошков с частицами микронного размера, описывается линейным законом и протекает в кинетическом режиме (Еа = (100 ± 7) кДж/моль). Установлены условия термогравиметрии, при которых происходит тепловое самовозгорание нанопорошка. На основе численной оценки параметра разогрева поверхности образца обоснована экспериментально фиксируемая величина критической температуры. 
333 |a Режим доступа: по договору с организацией-держателем ресурса 
461 |t Химическая физика  |d 1982- 
463 |t Т. 31, № 5  |v [С. 27-35 ]  |d 2012 
610 1 |a электронный ресурс 
610 1 |a труды учёных ТПУ 
610 1 |a кинетика окисления 
610 1 |a электровзрывные нанопорошки 
610 1 |a железо 
610 1 |a нагревание 
700 1 |a Коршунов  |b А. В.  |c химик  |c профессор Томского политехнического университета, кандидат химических наук  |f 1970-  |g Андрей Владимирович  |3 (RuTPU)RU\TPU\pers\25489 
801 2 |a RU  |b 63413507  |c 20151008  |g RCR 
856 4 |u http://elibrary.ru/item.asp?id=17726792 
942 |c CF